| 000 | 00573 a2200181 4500 | ||
|---|---|---|---|
| 020 | _a0028618831 | ||
| 040 |
_aDLC _bDLC |
||
| 082 | 0 | 0 | _a808.0666 |
| 100 | 1 | _aKent, Peter, | |
| 245 | 1 | 0 |
_aMaking money in technical writing _cPeter Kent. |
| 260 |
_aNew York : _bMacmillan USA, _cc1998. |
||
| 300 |
_avii, 280 p. ; _c24 cm. |
||
| 500 | _aRev. ed. of: Technical writer's freelancing guide. c1992. | ||
| 650 | 0 |
_aTechnical writing _xVocational guidance. |
|
| 650 | 0 |
_aFreelance journalism _xVocational guidance. |
|
| 700 | 1 |
_aKent, Peter, _d1957- |
|
| 942 |
_cBK _k808.0666 KEN _2ddc |
||
| 999 |
_c4989 _d4989 |
||